Music Quiz

Random Music or Letter Quiz

Queen Singles by Letter Quiz Stats

 Plays Quiz Updated Feb 12, 2020

Support Sporcle.
Go Orange.
Score 0/20 Timer 06:00
0 Plays Today
Letter Song % Correct
BBohemian Rhapsody, Bicycle Race, Body Language, Back Chat, Breakthru
95.5%
WWe Are The Champions, We Will Rock You, Who Wants to Live Forever, A Winter's Tale
87.9%
KKiller Queen, A Kind of Magic
73.6%
FFat Bottomed Girls, Flash, Friends Will Be Friends
71.4%
SSeven Seas of Rhye, Somebody to Love, Spread Your Wings, Save Me, Scandal, The Show Must Go On
68.4%
AAnother One Bites the Dust
67.4%
IIt's Late, I Want to Break Free, It's a Hard Life, I Want It All, The Invisible Man, Innuendo, I'm Going Slightly Mad
63.7%
UUnder Pressure
57.3%
DDon't Stop Me Now
54.8%
RRadio Ga Ga
54.4%
Letter Song % Correct
CCrazy Little Thing Called Love, Calling All Girls
52.6%
YYou're My Best Friend, You Don't Fool Me
47.6%
HHammer to Fall, Headlong, Heaven for Everyone
38.4%
TTie Your Mother Down, Thank God It's Christmas, These Are the Days of Our Lives, Too Much Love Will Kill You
32.7%
LLove of My Life, Las Palabras de Amor, Let Me Live
31.2%
OOne Vision
27%
GGood Old-Fashioned Lover Boy
25.7%
PPlay the Game
24.1%
NNow I'm Here, Need Your Loving Tonight, No One But You
23.9%
MThe Miracle
18%

You're not logged in!

Compare scores with friends on all Sporcle quizzes.
OR
Log In
Forgot?

From the Vault

Sets of Three XII

by nspyred

Two out of three ain't bad.
Remove Ads.
Support Sporcle.
Get the best of Sporcle when you Go Orange. This ad-free experience offers more features, more stats, and more fun while also helping to support Sporcle. Thank you for becoming a member.

Show Comments

Extras

Top Quizzes Today


Score Distribution

Your Account Isn't Verified!

In order to create a playlist on Sporcle, you need to verify the email address you used during registration. Go to your Sporcle Settings to finish the process.

Report this User

Report this user for behavior that violates our Community Guidelines.

Details: